Imitación de cristo (Record no. 8341)
[ view plain ]
| 000 -CABECERA | |
|---|---|
| campo de control de longitud fija | 01220nam a2200337 a 4500 |
| 001 - NÚMERO DE CONTROL | |
| campo de control | BRCA_8686 |
| 005 - FECHA Y HORA DE LA ÚLTIMA TRANSACCIÓN | |
| campo de control | 20190320210352.0 |
| 008 - DATOS DE LONGITUD FIJA--INFORMACIÓN GENERAL | |
| campo de control de longitud fija | 081216s1962----sp-#######---#000-0#spa-# |
| 041 ## - CÓDIGO DE LENGUA | |
| Código de lengua del texto/banda sonora o título independiente | spa |
| 044 ## - CÓDIGO DEL PAÍS DE LA ENTIDAD EDITORA/PRODUCTORA | |
| Código MARC del país | sp |
| 050 #4 - SIGNATURA TOPOGRÁFICA DE LA BIBLIOTECA DEL CONGRESO | |
| Número de clasificación | BV4828 |
| Número de documento/Ítem | .K46 |
| -- | 1962 |
| 100 1# - ENTRADA PRINCIPAL--NOMBRE DE PERSONA | |
| Nombre de persona | Kempis, Tomas de |
| 9 (RLIN) | 21658 |
| 245 10 - MENCIÓN DE TÍTULO | |
| Título | Imitación de cristo |
| Mención de responsabilidad, etc. | Por Fr. Tomas de Kempis ; tr. Luis de Granada. |
| 260 ## - PUBLICACIÓN, DISTRIBUCIÓN, ETC. | |
| Lugar de publicación, distribución, etc. | Barcelona |
| Nombre del editor, distribuidor, etc. | Valles, S.L. |
| Fecha de publicación, distribución, etc. | 1962 |
| 300 ## - DESCRIPCIÓN FÍSICA | |
| Extensión | 773 p. |
| Dimensiones | 9 cm |
| 500 ## - NOTA GENERAL | |
| Nota general | Fondo antiguo |
| 500 ## - NOTA GENERAL | |
| Nota general | Se encuentra en Caja Fuerte |
| 500 ## - NOTA GENERAL | |
| Nota general | LAR00002 |
| 500 ## - NOTA GENERAL | |
| Nota general | Incluye una lámina con la imagen de Cristo cruficado |
| 500 ## - NOTA GENERAL | |
| Nota general | Incluye índice |
| 500 ## - NOTA GENERAL | |
| Nota general | Título en contraportada |
| 500 ## - NOTA GENERAL | |
| Nota general | Uso de letras capitulares |
| 500 ## - NOTA GENERAL | |
| Nota general | Nota de encuadernación: en piel con broche, edición de cantos dorados, conservado en estuche de piel |
| 500 ## - NOTA GENERAL | |
| Nota general | Didicatoria en la guarda: para Rebeca con mi más sincero cariño, Tere |
| 505 0# - NOTA DE CONTENIDO CON FORMATO | |
| Nota de contenido con formato | Contiene: Santa misa y otras oraciones |
| 506 0# - NOTA DE RESTRICCIONES AL ACCESO | |
| Limitaciones de acceso | Fondo reservado: para su consulta es necesario credencial de usuario y carta de motivos |
| 650 14 - PUNTO DE ACCESO ADICIONAL DE MATERIA--TÉRMINO DE MATERIA | |
| Término de materia o nombre geográfico como elemento de entrada | Jesucristo |
| Término indicativo de función/relación | Vida espiritual |
| 9 (RLIN) | 21659 |
| 700 1# - PUNTO DE ACCESO ADICIONAL--NOMBRE DE PERSONA | |
| Nombre de persona | Granada, Luis de |
| Término indicativo de función/relación | tr. |
| 9 (RLIN) | 21660 |
| 902 ## - CATALOGADOR | |
| Iniciales | LAR |
| 942 ## - ELEMENTOS DE PUNTO DE ACCESO ADICIONAL (KOHA) | |
| Fuente del sistema de clasificación o colocación | Library of Congress Classification |
| Tipo de ítem Koha | Libros |
| Estado de retiro | Estado de pérdida | Estado dañado | No para préstamo | Localización permanente | Ubicación/localización actual | Fecha de adquisición | Número de inventario | Total de préstamos | Signatura topográfica completa | Código de barras | Fecha visto por última vez | Precio válido a partir de | Tipo de ítem Koha |
|---|---|---|---|---|---|---|---|---|---|---|---|---|---|
| El ejemplar forma parte de la colección y puede ser consultado según las políticas vigentes. | Biblioteca del Museo Franz Mayer (Rogerio Casas-Alatriste) | Biblioteca del Museo Franz Mayer (Rogerio Casas-Alatriste) | 08/12/2016 | LAR00002 | BV4828 .K46 1962 (LAR00002) | LAR00181 | 22/03/2019 | 22/03/2019 | Libros |